LEADER 01000nam a22001817a 4500
082 |a 894M301  |b MAR4/V J3 
100 |a മേരി വര്‍ഗ്ഗീസ് കുന്നില്‍;  |9 149305 
100 |a Mary Varghese Kunnil  |9 149306 
240 |a Vayalarinte makal 
245 |a വയലാറിന്റെ മകള്‍ 
260 |a Eranakulam;  |b Katookaran Book Stall;  |c 1953 
300 |a 114p. 
650 |a മലയാളം; മലയാളം സാഹിത്യം; മലയാളം ചെറുകഥകള്‍  |9 149307 
650 |a Malayalam; Malayalam Literature; Malayalam Short Stories  |9 149308 
942 |c BK 
999 |c 41999  |d 41999 
952 |0 0  |1 0  |4 0  |6 894_000000000000000_M301_MAR4_V_J3  |7 0  |8 STO  |9 48203  |a MAL  |b MAL  |d 2015-08-07  |e 14959  |g 1.00  |l 0  |o 894.M301 MAR4/V J3  |p MAL014959  |r 2015-08-07  |t 1  |w 2015-08-07  |y BK 
952 |0 0  |1 0  |4 0  |6 894_000000000000000_M301_MAR4_V_J31  |7 0  |8 STO  |9 48204  |a MAL  |b MAL  |d 2015-08-07  |e 9594  |g 1.00  |l 0  |o 894.M301 MAR4/V J3;1  |p MAL009594  |r 2015-08-07  |t 2  |w 2015-08-07  |y BK